R.Gupta's popular master guide : UGC-NET/SLET : (Record no. 135962)
[ view plain ]
| 000 -LEADER | |
|---|---|
| fixed length control field | 00720nam a22002057a 4500 |
| 005 - DATE AND TIME OF LATEST TRANSACTION | |
| control field | 20181103174041.0 |
| 010 ## - LCCN (DPL NO) | |
| LC control number | B-223423,B-223447 |
| 020 ## - INTERNATIONAL STANDARD BOOK NUMBER | |
| Terms of availability | 315.00 |
| International Standard Book Number | 8178122502 |
| 035 ## - SYSTEM CONTROL NUMBER | |
| System control number | B-223423,B-223447 |
| 037 ## - SOURCE OF ACQUISITION | |
| Source of stock number/acquisition | Cen Lib/Ret |
| 082 ## - DEWEY DECIMAL CLASSIFICATION NUMBER | |
| Classification number | 020 |
| Item number | PAN |
| 100 ## - MAIN ENTRY--PERSONAL NAME | |
| Personal name | Pandey, Ravindra |
| 245 ## - TITLE STATEMENT | |
| Title | R.Gupta's popular master guide : UGC-NET/SLET : |
| Remainder of title | library and information science / |
| Statement of responsibility, etc | by Ravindra Pandey |
| 260 ## - PUBLICATION, DISTRIBUTION, ETC. (IMPRINT) | |
| Place of publication, distribution, etc | New Delhi |
| Name of publisher, distributor, etc | Ramesh Publishing House |
| Date of publication, distribution, etc | 2008 |
| 270 ## - ADDRESS | |
| Address | 12-H, New Aryaganj, Opp. Traffic Kotwali |
| City | New Delhi |
| Postal code | 110002 |
| 300 ## - PHYSICAL DESCRIPTION | |
| Extent | various pagings |
| Dimensions | 23cm(pbk) |
| 650 ## - SUBJECT ADDED ENTRY--TOPICAL TERM | |
| Topical term or geographic name as entry element | Library and information science -- guide |
| 650 ## - SUBJECT ADDED ENTRY--TOPICAL TERM | |
| Topical term or geographic name as entry element | UGC-NET -- guide |
| 942 ## - ADDED ENTRY ELEMENTS (KOHA) | |
| Source of classification or shelving scheme | Dewey Decimal Classification |
| Item type | English Books |
| Classification part | 020 |
| Call number suffix | PAN |
| Withdrawn status | Lost status | Not for loan | Home library | Current library | Date acquired | Source of acquisition | Cost, normal purchase price | Full call number | Barcode | Copy number | Cost, replacement price | Koha item type | Collection code |
|---|---|---|---|---|---|---|---|---|---|---|---|---|---|
| Central Library | Central Library | 12/10/2015 | Cen Lib/Ret | 315.00 | 020 PAN | B-223423 | 1 | 315.00 | English Books | ||||
| Yojana Vihar | Yojana Vihar | 26/10/2018 | BPPD/PUB | 315.00 | 020 PAN | B-223447 | 315.00 | English Books | Non-fiction |
